All Charms in Hollow Knight - Statistics

General Stats
  • This quiz has been taken 1,152 times
  • The average score is 25 of 45
Answer Stats
Notches required Charm % Correct
1 Wayward Compass
80%
2 Longnail
75%
- Void Heart
73%
3 Mark of Pride
72%
3 Shaman Stone
72%
3 Quick Slash
71%
3 Fragile Strength
70%
5 Kingsoul
70%
2 Fragile Greed
69%
2 Fragile Heart
69%
2 Grimmchild
69%
3 Unbreakable Strength
69%
2 Unbreakable Greed
67%
2 Unbreakable Heart
67%
1 Grubsong
65%
2 Dashmaster
64%
3 Quick Focus
63%
4 Deep Focus
61%
1 Sprintmaster
61%
2 Soul Catcher
60%
4 Soul Eater
59%
1 Gathering Swarm
57%
4 Hiveblood
57%
4 Joni's Blessing
57%
2 Sharp Shadow
54%
1 Defender's Crest
52%
3 Lifeblood Core
50%
2 Lifeblood Heart
50%
3 Grubberfly's Elegy
48%
2 Heavy Blow
47%
2 Spell Twister
46%
1 Steady Body
46%
2 Weaversong
46%
1 Thorns of Agony
45%
2 Fury of the Fallen
44%
2 Shape of Unn
43%
3 Carefree Melody
42%
3 Dreamshield
41%
3 Flukenest
41%
1 Nailmaster's Glory
40%
2 Glowing Womb
39%
2 Baldur Shell
38%
1 Spore Shroom
38%
2 Stalwart Shell
36%
1 Dream Weilder
20%
No matching quizzes found
Score Distribution
Percent of People with Each Score
Percentile by Number Answered
Your Score History
You have not taken this quiz